Statistiche per Riconosci la Squadra di calcio - Quiz n°303

Clicka qui per fare il quiz!

Statistiche generali

  • Questo quiz è stato fatto 7 volte
  • Il punteggio medio è 7 su 10

Statistiche sulle risposte

IndizioRisposta% Corretto
Colori socialiBianco, rosso
100%
SimboliDiavolo
100%
Titoli nazionali10 Campionati messicani
75%
Trofei nazionali2 Coppe del Messico
4 Supercoppe del Messico
75%
ConfederazioneCONCACAF
75%
Fondazione1917
50%
Capienza Stadio27 000 posti
50%
Trofei internazionali2 CONCACAF Champions' Cup/Champions League
50%
Divisione nazionale 2023-2024Prima
50%
SquadraToluca
25%

Distribuzione punteggi

Percentile per numero di risposta

Percentuale di utenti per punteggio

I tuoi punteggi nel tempo

Non hai fatto questo quiz